College Quizbowl Stats
College Quizbowl Stats
Circuits
Seasons
Sets
Records
Detailed Stats
About
Loading...
2023 ARCADIA at RIT
Tossups
Bonuses
Players
Teams
Categories (Tossup)
Categories (Bonus)
Danny Cutbill
RIT A
Categories
Category
Powers
Gets
Negs
BBs
Points
Earliest Buzz
Avg. Buzz
First Buzzes
Top 3 Buzzes
Beliefs
0
1
0
0
10
104
104.00
1
1
History - American History
0
1
0
0
10
98
98.00
0
1
Literature - American Literature
0
1
0
0
10
78
78.00
0
1
Other Arts: Auditory
0
1
0
1
10
97
97.00
1
1
Geography
0
0
1
0
-5
0.00
0
0
Buzzes
Category
Answer
Value
Buzz Position
Geography
sandstorms
-5
21
Literature - American Literature
Death of a Salesman
10
78
Other Arts: Auditory
1920s
10
97
History - American History
Lee
10
98
Beliefs
rings
10
104
Previous
1
Next